000 00659nam a22002177a 4500
999 _c9090
_d9090
003 AR-CdUCM
008 190327b ||||| |||| 00| 0 spa d
040 _aMUNICIPALIDAD PROVINCIAL DEL CUSCO
_cBIBLIOTECA MUNICIPAL DEL CUSCO
082 _a869.56 /
_bO37
100 _aO´Hara Edgar
_925085
245 _aLa mujer de luna llena (1976-1977) /
260 _aLima :|
_bLa sagrada familia,
_c1978.
300 _a44 páginas ;
_bIlustraciones,
_c22 cm.
500 _aCon dedicatoria a Luis Nieto
505 _aContenido : Poesía
650 _aPoesía
_9444
650 _aLiteratura
_9416
650 _aPerú
_92178
942 _2ddc
_cLIBROS
945 _admma